|
|
|
|
| LEADER |
01889nam a2200445 i 4500 |
| 001 |
EBC4720392 |
| 003 |
MiAaPQ |
| 005 |
20200520144314.0 |
| 006 |
m o d | |
| 007 |
cr cnu|||||||| |
| 008 |
161028t20162016enk ob 001 0 eng d |
| 020 |
|
|
|z 9781137379771
|
| 020 |
|
|
|a 9781137379788 (e-book)
|
| 035 |
|
|
|a (MiAaPQ)EBC4720392
|
| 035 |
|
|
|a (Au-PeEL)EBL4720392
|
| 035 |
|
|
|a (CaPaEBR)ebr11284736
|
| 035 |
|
|
|a (OCoLC)961452648
|
| 040 |
|
|
|a MiAaPQ
|b eng
|e rda
|e pn
|c MiAaPQ
|d MiAaPQ
|
| 050 |
|
4 |
|a TX331
|b .G355 2016
|
| 082 |
0 |
|
|a 331.761640973
|2 23
|
| 100 |
1 |
|
|a Gallo, Ester,
|e author.
|
| 245 |
1 |
0 |
|a Migration, masculinities and reproductive labour :
|b men of the home /
|c Ester Gallo, Francesca Scrinzi.
|
| 264 |
|
1 |
|a London, [England] :
|b Palgrave Macmillan,
|c 2016.
|
| 264 |
|
4 |
|c 2016
|
| 300 |
|
|
|a 1 online resource (323 pages).
|
| 336 |
|
|
|a text
|2 rdacontent
|
| 337 |
|
|
|a computer
|2 rdamedia
|
| 338 |
|
|
|a online resource
|2 rdacarrier
|
| 490 |
1 |
|
|a Migration, Diasporas and Citizenship
|
| 504 |
|
|
|a Includes bibliographical references and index.
|
| 588 |
|
|
|a Description based on print version record.
|
| 590 |
|
|
|a Electronic reproduction. Ann Arbor, MI : ProQuest, 2016. Available via World Wide Web. Access may be limited to ProQuest affiliated libraries.
|
| 650 |
|
0 |
|a Household employees.
|
| 650 |
|
0 |
|a Household employees
|x Sociological aspects.
|
| 655 |
|
4 |
|a Electronic books.
|
| 700 |
1 |
|
|a Scrinzi, Francesca,
|e author.
|
| 776 |
0 |
8 |
|i Print version:
|a Gallo, Ester.
|t Migration, masculinities and reproductive labour : men of the home.
|d London, [England] : Palgrave Macmillan, c2016
|h xv, 311 pages
|k Migration, diasporas and citizenship.
|z 9781137379771
|w 2016936084
|
| 797 |
2 |
|
|a ProQuest (Firm)
|
| 830 |
|
0 |
|a Migration, diasporas and citizenship.
|
| 856 |
4 |
0 |
|u https://ebookcentral.proquest.com/lib/matrademy/detail.action?docID=4720392
|z Click to View
|